Cosmópolis : Borges y Buenos Aires / [dirección: Juan Insua ; documentación: Núria Aidelman] Borges y Buenos Aires / [dirección:
MARC
| LEADER | 00000nam a2200000Ia 4500 | ||
|---|---|---|---|
| 001 | 14670 | ||
| 008 | 160829s9999 xx 000 0 cat d | ||
| 020 | |a 84-7794-889-5 | ||
| 080 | |a FOL-2-50 | ||
| 100 | |a Borges, Jorge Luis |9 35336 | ||
| 245 | |a Cosmópolis : |b Borges y Buenos Aires / [dirección: |b Juan Insua ; documentación: |b Núria Aidelman] | ||
| 260 | |a Barcelona : |b Centre de Cultura Contemporània de Barcelona : |b Diputació de Barcelona, Xarxa de Municipis, cop. 2002 | ||
| 300 | |a 124 p. : |b il. ; |c 33 cm | ||
| 490 | |a Las ciudades y sus escritores | ||
| 590 | |a Notes. | ||
| 590 | |a Referències bibliogràfiques. | ||
| 590 | |a Catàleg de l'exposició celebrada del 29 d'octubre de 2002 al 16 de febrer de 2003 al Centre de Cultura Contemporània de Barcelona | ||
| 650 | |a Borges, Jorge Luis |x Exposicions |9 35337 | ||
| 650 | |a Buenos Aires |x Exposicions |9 35338 | ||
| 700 | 1 | |a Insua, Juan |9 35339 | |
| 700 | |a Aidelman, Núria |9 26367 | ||
| 710 | 2 | |a Centre de Cultura Contemporània de Barcelona |9 52510 | |
| 710 | 1 | |a Barcelona (Catalunya : Província). |b Diputació |9 52408 | |
| 901 | |a Arxiu | ||
| 942 | |n 1 | ||
| 952 | |0 0 |1 0 |4 0 |6 FOL250 |7 1 |9 46857 |a Arxiu |b Arxiu |d 2016-12-01 |l 0 |o FOL-2-50 |p 14670 |r 2016-12-01 00:00:00 |w 2016-12-01 |y ARXIU | ||
| 999 | |c 50650 |d 50650 | ||